[Event "Mittelrhein Regionalliga 1920"]
[Site "Mittelrhein"]
[Date "2019.10.27"]
[Round "2.7"]
[White "Henrotte, Nils"]
[Black "Ucaroglu Melih, Furkan"]
[Result "1-0"]
[WhiteElo "2013"]
[BlackElo "1826"]
[PlyCount "67"]
[EventDate "2019.09.29"]
[EventType "team-tourn"]
[EventRounds "9"]
[EventCountry "GER"]
[SourceTitle "EXT 2023"]
[Source "ChessBase"]
[SourceDate "2022.10.05"]
[SourceVersion "1"]
[SourceVersionDate "2022.10.05"]
[SourceQuality "1"]
[WhiteTeam "Herzogenrath"]
[BlackTeam "Aachen SV II"]
[WhiteTeamCountry "GER"]
[BlackTeamCountry "GER"]

1. e4 c5 2. Nf3 Nc6 3. b4 cxb4 4. d4 d5 5. exd5 Qxd5 6. c4 bxc3 7. Nxc3 Qa5 8. Bd2 e6 9. Bc4 Bb4 10. Qb3 Nf6 11. 0-0 0-0 12. a3 Bxc3 13. Bxc3 Qc7 14. Rfe1 Rd8 15. d5 Nxd5 16. Bxd5 exd5 17. Qxd5 h6 18. Qb3 Qb6 19. Qc4 Bf5 20. Qf4 Bg6 21. Nh4 Qc5 22. Rac1 Qg5 23. Nxg6 Qxg6 24. Qc7 Rab8 25. Qf4 Rbc8 26. Re3 f6 27. Rg3 Qh7 28. Qxf6 Nd4 29. Re1 Re8 30. Qxd4 Rxe1+ 31. Bxe1 Rc1 32. Qd8+ Kf7 33. Rf3+ Ke6 34. Re3+ 1-0

[Event "Maastricht Limburg op-B 8th"]
[Site "Maastricht"]
[Date "2014.06.07"]
[Round "3"]
[White "Ucaroglu Melih, Furkan"]
[Black "Broekhuis, Jan"]
[Result "1/2-1/2"]
[WhiteElo "1738"]
[BlackElo "1842"]
[PlyCount "121"]
[EventDate "2014.06.06"]
[EventType "swiss"]
[EventRounds "7"]
[EventCountry "NED"]
[SourceTitle "EXT 2015"]
[Source "ChessBase"]
[SourceDate "2014.11.20"]
[SourceVersion "1"]
[SourceVersionDate "2014.11.20"]
[SourceQuality "1"]

1. e4 e6 2. d4 d5 3. e5 c5 4. c3 Nc6 5. Nf3 Bd7 6. a3 Rc8 7. Be3 c4 8. Nbd2 Na5 9. Be2 Ne7 10. 0-0 Ng6 11. Qe1 Be7 12. Bd1 0-0 13. Bc2 Nh4 14. Nxh4 Bxh4 15. g3 Be7 16. f4 g6 17. g4 f5 18. exf6 Bxf6 19. Nf3 Nc6 20. Qg3 Qe7 21. Rae1 Qg7 22. h4 Rf7 23. Ne5 Bxe5 24. fxe5 Rxf1+ 25. Rxf1 Rf8 26. Bg5 Rxf1+ 27. Kxf1 Qf7+ 28. Kg2 Nb8 29. Bf6 Be8 30. Qf4 Nd7 31. Kg3 b5 32. Bd1 a6 33. Be2 Nb8 34. Qg5 Nc6 35. Kg2 Qf8 36. Qd2 h6 37. Qd1 a5 38. Qb1 Qf7 39. Qc1 Qf8 40. Qf1 Qf7 41. Qf4 Qf8 42. Kg3 b4 43. axb4 axb4 44. Qc1 b3 45. Bd1 Kh7 46. Qa1 Qf7 47. Qa8 Qd7 48. Bf3 Ne7 49. Bxe7 Qxe7 50. Qa1 g5 51. h5 Qf7 52. Qc1 Kg7 53. Bg2 Qe7 54. Qf1 Bf7 55. Bf3 Bg8 56. Bd1 Bh7 57. Qf2 Be4 58. Kh3 Kg8 59. Kg3 Bd3 60. Kh3 Bb1 61. Kg3 1/2-1/2

[Event "Mittelrhein Verbandsliga-W 1112"]
[Site "Germany"]
[Date "2012.02.05"]
[Round "6.7"]
[White "Breske, Patrick"]
[Black "Ucaroglu Melih, Furkan"]
[Result "1-0"]
[WhiteElo "1861"]
[BlackElo "1706"]
[PlyCount "43"]
[EventDate "2011.09.18"]
[EventType "team-tourn"]
[EventRounds "11"]
[EventCountry "GER"]
[SourceTitle "EXT 2013"]
[Source "ChessBase"]
[SourceDate "2012.11.22"]
[SourceVersion "1"]
[SourceVersionDate "2012.11.22"]
[SourceQuality "1"]
[WhiteTeam "Brauweiler Rochade"]
[BlackTeam "Aachen II"]
[WhiteTeamCountry "GER"]
[BlackTeamCountry "GER"]

1. e4 c5 2. Nf3 Nc6 3. d4 cxd4 4. Nxd4 Nf6 5. Nc3 e5 6. Ndb5 d6 7. Bg5 a6 8. Bxf6 gxf6 9. Na3 Be6 10. Nd5 b5 11. c3 Bg7 12. Nc2 Ne7 13. Nce3 f5 14. Nxe7 Qxe7 15. exf5 Bc8 16. a4 Rb8 17. axb5 axb5 18. Nd5 Qd8 19. Qf3 f6 20. Ra7 0-0 21. Ne7+ Kh8 22. Qh5 1-0

[Event "Mittelrhein Verbandsliga-W 1112"]
[Site "Germany"]
[Date "2011.12.11"]
[Round "4.8"]
[White "Ucaroglu Melih, Furkan"]
[Black "Wuerzberg, Peter"]
[Result "1/2-1/2"]
[WhiteElo "1652"]
[BlackElo "1675"]
[PlyCount "123"]
[EventDate "2011.09.18"]
[EventType "team-tourn"]
[EventRounds "11"]
[EventCountry "GER"]
[SourceTitle "EXT 2013"]
[Source "ChessBase"]
[SourceDate "2012.11.22"]
[SourceVersion "1"]
[SourceVersionDate "2012.11.22"]
[SourceQuality "1"]
[WhiteTeam "Aachen II"]
[BlackTeam "Arminia Eilendorf"]
[WhiteTeamCountry "GER"]
[BlackTeamCountry "GER"]

1. c4 e6 2. Nc3 Nf6 3. Nf3 b6 4. d4 Bb7 5. Bg5 Be7 6. e3 0-0 7. Bd3 d5 8. cxd5 Nxd5 9. Bxe7 Qxe7 10. Nxd5 Bxd5 11. Qc2 f5 12. Rc1 c6 13. Ke2 Nd7 14. Bc4 Rae8 15. Bxd5 cxd5 16. Qa4 Nf6 17. Rc6 e5 18. Nxe5 Ng4 19. Qa3 Qxa3 20. bxa3 Nxe5 21. dxe5 Rxe5 22. Rc7 d4 23. Rd1 f4 24. Rxd4 fxe3 25. fxe3 Rfe8 26. Rd3 R5e7 27. Rdc3 Kf7 28. Kf3 a6 29. R3c6 Rb8 30. Kf4 a5 31. e4 b5 32. Rxe7+ Kxe7 33. Rc7+ Kf8 34. Ra7 a4 35. g4 Rb6 36. e5 Rh6 37. Kf5 Rxh2 38. g5 h5 39. Ke6 g6 40. Kf6 Rf2+ 41. Kxg6 Rxa2 42. Kxh5 Rxa3 43. e6 Re3 44. Ra6 a3 45. Kg6 Ke7 46. Kf5 b4 47. g6 Rg3 48. Ra7+ Kf8 49. e7+ Ke8 50. Kf6 Rf3+ 51. Ke6 Re3+ 52. Kd6 Rd3+ 53. Ke6 Re3+ 54. Kf6 Rf3+ 55. Kg7 Rf2 56. Kg8 a2 57. g7 b3 58. Kh7 Rh2+ 59. Kg6 Rg2+ 60. Kf6 Rf2+ 61. Ke6 Re2+ 62. Kf6 1/2-1/2

[Event "Mittelrhein Verbandsliga-W 1112"]
[Site "Germany"]
[Date "2011.09.18"]
[Round "1.8"]
[White "Ucaroglu Melih, Furkan"]
[Black "Bieberle, Gerhart"]
[Result "0-1"]
[WhiteElo "1617"]
[BlackElo "1688"]
[PlyCount "100"]
[EventDate "2011.09.18"]
[EventType "team-tourn"]
[EventRounds "11"]
[EventCountry "GER"]
[SourceTitle "EXT 2013"]
[Source "ChessBase"]
[SourceDate "2012.11.22"]
[SourceVersion "1"]
[SourceVersionDate "2012.11.22"]
[SourceQuality "1"]
[WhiteTeam "Aachen II"]
[BlackTeam "Aachen PTSV"]
[WhiteTeamCountry "GER"]
[BlackTeamCountry "GER"]

1. c4 Nf6 2. d4 g6 3. Nc3 Bg7 4. e4 d6 5. Nf3 0-0 6. Be3 Nbd7 7. b4 e5 8. dxe5 Nxe5 9. Nxe5 dxe5 10. f3 c6 11. Be2 Qxd1+ 12. Rxd1 Nh5 13. g3 Be6 14. Kf2 f5 15. Rd6 Rfe8 16. b5 Bf8 17. Rdd1 Bb4 18. Na4 cxb5 19. cxb5 Bxa2 20. Rd7 b6 21. Nb2 fxe4 22. Ra1 Nf6 23. Rc7 Bf7 24. Raxa7 Rxa7 25. Rxa7 exf3 26. Bxf3 e4 27. Be2 Nd5 28. Bc4 Rf8 29. Bd4 Bc3 30. Bxc3 Nxc3 31. Bxf7+ Rxf7+ 32. Rxf7 Kxf7 33. Nc4 Nxb5 34. Ke3 Ke6 35. Nxb6 Nd6 36. Kd4 Kf5 37. h3 h5 38. Nd5 Nb5+ 39. Ke3 Nd6 40. Kd4 Ke6 41. Nf4+ Kf5 42. Nd5 Kg5 43. Ke5 Nf5 44. g4 hxg4 45. hxg4 e3 46. Nf4 Kxg4 47. Ke4 Kg3 48. Ne2+ Kf2 49. Kd3 g5 50. Nc3 Kf3 0-1

[Event "GER-ch Net qual2 U14"]
[Site "Playchess.com INT"]
[Date "2011.05.04"]
[Round "6"]
[White "Oehne, Timo"]
[Black "Ucaroglu Melih, Furkan"]
[Result "1-0"]
[WhiteElo "1713"]
[BlackElo "1661"]
[PlyCount "49"]
[EventDate "2011.05.04"]
[EventType "swiss (blitz)"]
[EventRounds "7"]
[EventCountry "GER"]
[SourceTitle "CBM 142 Extra"]
[Source "ChessBase"]
[SourceDate "2011.06.27"]
[SourceVersion "1"]
[SourceVersionDate "2011.06.27"]
[SourceQuality "1"]

1. e4 c5 2. Nc3 Nc6 3. g4 g6 4. d3 Bg7 5. Bg2 d6 6. Be3 Nf6 7. h3 a6 8. Qd2 Qc7 9. Nge2 b5 10. Ng3 Bd7 11. f4 e5 12. f5 Nd4 13. g5 Ng8 14. Nd5 Qb7 15. Bxd4 cxd4 16. Qb4 Qc6 17. 0-0 h6 18. fxg6 fxg6 19. Qb3 hxg5 20. Nb4 Qc7 21. Qf7+ Kd8 22. Nd5 Qb7 23. Qxg7 Rxh3 24. Rf8+ Be8 25. Qxb7 1-0

[Event "GER-ch Net qual2 U14"]
[Site "Playchess.com INT"]
[Date "2011.05.04"]
[Round "1"]
[White "Ucaroglu Melih, Furkan"]
[Black "Fistoul, Boris"]
[Result "1-0"]
[WhiteElo "1661"]
[BlackElo "1449"]
[PlyCount "89"]
[EventDate "2011.05.04"]
[EventType "swiss (blitz)"]
[EventRounds "7"]
[EventCountry "GER"]
[SourceTitle "CBM 142 Extra"]
[Source "ChessBase"]
[SourceDate "2011.06.27"]
[SourceVersion "1"]
[SourceVersionDate "2011.06.27"]
[SourceQuality "1"]

1. c4 e6 2. Nc3 f5 3. d3 Nf6 4. e4 fxe4 5. Nxe4 Nxe4 6. dxe4 b6 7. f4 Bb7 8. Bd3 c5 9. Nf3 Nc6 10. 0-0 Be7 11. f5 e5 12. Qe1 Qc7 13. Qg3 Bf6 14. a3 0-0-0 15. Rb1 Nd4 16. Nxd4 exd4 17. Qxc7+ Kxc7 18. Bf4+ Kc8 19. e5 Be7 20. b4 d6 21. bxc5 dxc5 22. Rfe1 Rhf8 23. g4 h6 24. Rbd1 Bf3 25. Be2 Bxe2 26. Rxe2 h5 27. h3 hxg4 28. hxg4 Rh8 29. e6 Rh4 30. Rg2 Rdh8 31. Kf2 Rh3 32. Be5 Bf6 33. Bxf6 gxf6 34. Rg3 Rh2+ 35. Kf3 Ra2 36. Rd3 Rc2 37. g5 fxg5 38. Rxg5 Rxc4 39. f6 Rc3 40. Rxc3 dxc3 41. f7 c2 42. Rg8+ Kc7 43. f8Q Rxg8 44. Qxg8 c1Q 45. Qf7+ 1-0

[Event "Maastricht Limburg op-C 4th"]
[Site "Maastricht"]
[Date "2010.05.22"]
[Round "2"]
[White "Visse, Bernard"]
[Black "Ucaroglu Melih, Furkan"]
[Result "1-0"]
[WhiteElo "1641"]
[BlackElo "1414"]
[PlyCount "97"]
[EventDate "2010.05.21"]
[EventType "swiss"]
[EventRounds "7"]
[EventCountry "NED"]
[SourceTitle "EXT 2011"]
[Source "ChessBase"]
[SourceDate "2010.11.26"]
[SourceVersion "1"]
[SourceVersionDate "2010.11.26"]
[SourceQuality "1"]

1. d4 Nf6 2. Bf4 e6 3. e3 c5 4. Nf3 Qb6 5. Nc3 cxd4 6. exd4 Bb4 7. Be2 Ne4 8. Bd2 Nxd2 9. Qxd2 Nc6 10. 0-0 0-0 11. a3 Be7 12. b4 Bf6 13. Na4 Qc7 14. c4 d6 15. Nc3 g6 16. Rac1 a6 17. Nd5 exd5 18. cxd5 Qb6 19. dxc6 bxc6 20. Qf4 Be7 21. Qe4 Qa7 22. Qxc6 Bb7 23. Qc3 Bf6 24. Qc7 Rfd8 25. Bc4 d5 26. Bb3 Rac8 27. Qf4 Qb6 28. Rfe1 Kg7 29. Rc5 Rxc5 30. dxc5 Qc6 31. Nd4 Bxd4 32. Qxd4+ Qf6 33. Re5 Re8 34. f4 Rxe5 35. fxe5 Qe6 36. g3 Bc6 37. a4 h5 38. b5 axb5 39. axb5 Bxb5 40. Bxd5 Qf5 41. Qf2 Qxf2+ 42. Kxf2 Bd7 43. h4 Bc8 44. Ke3 f6 45. exf6+ Kxf6 46. Kf4 Ba6 47. Ba8 Ke6 48. Bc6 Bd3 49. Be4 1-0

[Event "GER-chT U14"]
[Site "Arendsee"]
[Date "2009.12.29"]
[Round "5.4"]
[White "Foerstel, Markus"]
[Black "Ucaroglu Melih, Furkan"]
[Result "1/2-1/2"]
[WhiteElo "1382"]
[BlackElo "1392"]
[PlyCount "67"]
[EventDate "2009.12.27"]
[EventType "team-swiss"]
[EventRounds "7"]
[EventCountry "GER"]
[SourceTitle "EXT 2022"]
[Source "ChessBase"]
[SourceDate "2021.10.06"]
[SourceVersion "1"]
[SourceVersionDate "2021.10.06"]
[SourceQuality "1"]
[WhiteTeam "Forchheim SC U14"]
[BlackTeam "Aachen SV U14"]
[WhiteTeamCountry "GER"]
[BlackTeamCountry "GER"]

1. e4 e5 2. Nf3 Nc6 3. Bc4 Nf6 4. Nc3 Be7 5. d3 d6 6. Be3 Bg4 7. h3 Bh5 8. g4 Bg6 9. Qd2 Nd7 10. Ng1 Nb6 11. Bb3 Na5 12. Nge2 Nxb3 13. cxb3 f6 14. f4 Qd7 15. f5 Bf7 16. 0-0-0 d5 17. d4 dxe4 18. dxe5 Qxd2+ 19. Rxd2 fxe5 20. Nxe4 Bb4 21. Rc2 0-0-0 22. Bc5 Bd5 23. N2g3 Bxc5 24. Rxc5 Rhe8 25. Rd1 Bxe4 26. Rxd8+ Rxd8 27. Nxe4 Rd5 28. Rxd5 Nxd5 29. Ng5 Nf4 30. Kd2 Kd7 31. Ke3 h6 32. Nf7 Nxh3 33. Nxe5+ Kd6 34. Ng6 1/2-1/2

[Event "GER-chT U14"]
[Site "Arendsee"]
[Date "2009.12.28"]
[Round "3.4"]
[White "Keller, Peter1111"]
[Black "Ucaroglu Melih, Furkan"]
[Result "1-0"]
[WhiteElo "1621"]
[BlackElo "1392"]
[PlyCount "53"]
[EventDate "2009.12.27"]
[EventType "team-swiss"]
[EventRounds "7"]
[EventCountry "GER"]
[SourceTitle "EXT 2022"]
[Source "ChessBase"]
[SourceDate "2021.10.06"]
[SourceVersion "1"]
[SourceVersionDate "2021.10.06"]
[SourceQuality "1"]
[WhiteTeam "Frankfurt TV U14"]
[BlackTeam "Aachen SV U14"]
[WhiteTeamCountry "GER"]
[BlackTeamCountry "GER"]

1. e4 e5 2. Nf3 Nc6 3. Bc4 Nf6 4. d3 Be7 5. 0-0 d6 6. c3 0-0 7. Bb3 h6 8. Re1 Bg4 9. Nbd2 Na5 10. Bc2 c5 11. Nf1 Nc6 12. h3 Bd7 13. Ng3 Nh7 14. d4 cxd4 15. cxd4 Qc7 16. Bb3 Rad8 17. Be3 b6 18. Rc1 Qb8 19. a3 Kh8 20. Bd5 Na5 21. b4 Nb7 22. Qb3 f6 23. Nh4 Be8 24. Nhf5 Rd7 25. Be6 Rc7 26. Rxc7 Qxc7 27. Rc1 1-0

[Event "GER-chT U14"]
[Site "Arendsee"]
[Date "2009.12.27"]
[Round "2.4"]
[White "Ucaroglu Melih, Furkan"]
[Black "Siegemund, Georg"]
[Result "1/2-1/2"]
[WhiteElo "1392"]
[BlackElo "1482"]
[PlyCount "101"]
[EventDate "2009.12.27"]
[EventType "team-swiss"]
[EventRounds "7"]
[EventCountry "GER"]
[SourceTitle "EXT 2022"]
[Source "ChessBase"]
[SourceDate "2021.10.06"]
[SourceVersion "1"]
[SourceVersionDate "2021.10.06"]
[SourceQuality "1"]
[WhiteTeam "Aachen SV U14"]
[BlackTeam "Baumschulenweg U14"]
[WhiteTeamCountry "GER"]
[BlackTeamCountry "GER"]

1. e4 c5 2. Nf3 d6 3. d4 cxd4 4. Nxd4 Nf6 5. Nc3 g6 6. Be3 Bg7 7. f3 0-0 8. Qd2 Bd7 9. g4 Nc6 10. h4 h5 11. g5 Ne8 12. 0-0-0 Rc8 13. Nxc6 Bxc6 14. Bd4 Rc7 15. Bxg7 Nxg7 16. Bd3 Qd7 17. Rhf1 e6 18. Be2 Rd8 19. Qe3 d5 20. exd5 exd5 21. Qxa7 b5 22. Qf2 b4 23. Ne4 Qc8 24. Nf6+ Kh8 25. Qd4 Ba4 26. Bd3 Bxc2 27. Bxc2 Rxc2+ 28. Kb1 Rc4 29. Qf2 Qf5+ 30. Ka1 Rdc8 31. Rfe1 Qf4 32. Kb1 Qf5+ 33. Ka1 Rc2 34. Qd4 R2c4 35. Qf2 Qe5 36. Rb1 Qd4 37. Qxd4 Rxd4 38. Rbd1 Nf5 39. Nxd5 Rxd1+ 40. Rxd1 Rd8 41. Rd3 Rb8 42. Rb3 Nxh4 43. Nxb4 Ng2 44. Nd3 Rxb3 45. axb3 h4 46. Nf2 Ne3 47. Kb1 Kg8 48. Kc1 Kf8 49. Kd2 Nd5 50. Kd3 Ke7 51. Kd4 1/2-1/2

[Event "GER-ch Net qual3 U14"]
[Site "Playchess.com INT"]
[Date "2009.05.17"]
[Round "2"]
[White "Oehne, Timo"]
[Black "Ucaroglu Melih, Furkan"]
[Result "1/2-1/2"]
[WhiteElo "1677"]
[BlackElo "1383"]
[PlyCount "70"]
[EventDate "2009.05.17"]
[EventType "swiss (blitz)"]
[EventRounds "7"]
[EventCountry "GER"]
[SourceTitle "CBM 130 Extra"]
[Source "ChessBase"]
[SourceDate "2009.07.02"]
[SourceVersion "2"]
[SourceVersionDate "2009.07.15"]
[SourceQuality "1"]

1. d4 Nf6 2. c3 g6 3. Qc2 Bg7 4. e4 d6 5. f4 0-0 6. Nf3 Bg4 7. Nbd2 Nbd7 8. h3 Bxf3 9. Nxf3 c6 10. Bd3 Nh5 11. g4 Nhf6 12. f5 e6 13. fxg6 fxg6 14. h4 Nxg4 15. Rf1 b6 16. Bg5 Ndf6 17. 0-0-0 h6 18. Bxf6 Bxf6 19. Qd2 Bxh4 20. Qe2 Bg5+ 21. Kc2 Nf6 22. Nxg5 hxg5 23. Rg1 g4 24. Rdf1 Rf7 25. e5 dxe5 26. dxe5 Nd5 27. Bxg6 Rxf1 28. Rxf1 Qg5 29. Bf7+ Kg7 30. Rf2 Rf8 31. Bxe6 Rxf2 32. Qxf2 Nf4 33. Bb3 g3 34. Qd2 g2 35. Qd7+ Kh6 1/2-1/2

[Event "GER-ch Net qual3 U14"]
[Site "Playchess.com INT"]
[Date "2009.05.17"]
[Round "5"]
[White "Ucaroglu Melih, Furkan"]
[Black "Moehn, Hans"]
[Result "0-1"]
[WhiteElo "1383"]
[BlackElo "1953"]
[PlyCount "136"]
[EventDate "2009.05.17"]
[EventType "swiss (blitz)"]
[EventRounds "7"]
[EventCountry "GER"]
[SourceTitle "CBM 130 Extra"]
[Source "ChessBase"]
[SourceDate "2009.07.02"]
[SourceVersion "2"]
[SourceVersionDate "2009.07.15"]
[SourceQuality "1"]

1. e4 c5 2. Nf3 e6 3. d4 cxd4 4. Nxd4 Nf6 5. Nc3 Bb4 6. Bd3 Qc7 7. Bd2 d5 8. exd5 Bxc3 9. Bxc3 Nxd5 10. Qd2 Nxc3 11. Qxc3 Qxc3+ 12. bxc3 0-0 13. Rb1 b6 14. 0-0 Ba6 15. Be4 Nd7 16. Bxa8 Rxa8 17. Rfd1 Nc5 18. Nc6 Kf8 19. h3 Ke8 20. Rd4 Bb7 21. Nb4 Rc8 22. Rg4 g6 23. Rh4 h5 24. Rc4 Ke7 25. Rd1 Rb8 26. Rdd4 a5 27. Nd3 Ba6 28. Nxc5 Bxc4 29. Nd7 Rd8 30. Nxb6 Rxd4 31. cxd4 Ba6 32. c3 Kd6 33. f3 Bb5 34. c4 Ba6 35. c5+ Kc6 36. Kf2 e5 37. Ke3 exd4+ 38. Kxd4 f6 39. a4 g5 40. Nc4 f5 41. Nxa5+ Kd7 42. Kd5 g4 43. hxg4 fxg4 44. fxg4 hxg4 45. g3 Be2 46. Nb7 Bf3+ 47. Kc4 Bxb7 48. a5 Kc6 49. Kb4 Ba6 50. Ka4 Kxc5 51. Kb3 Kb5 52. Kc3 Kxa5 53. Kd4 Be2 54. Ke4 Bf3+ 55. Kf4 Kb4 56. Ke3 Kc4 57. Kf2 Kd4 58. Kg1 Ke4 59. Kf2 Bd1 60. Kg2 Ke3 61. Kh2 Kf2 62. Kh1 Kxg3 63. Kg1 Kh3 64. Kh1 Bf3+ 65. Kg1 g3 66. Kf1 g2+ 67. Kg1 Bc6 68. Kf2 Kh2 0-1

[Event "GER-ch Net qual1 U14"]
[Site "Playchess.com INT"]
[Date "2009.05.10"]
[Round "5"]
[White "Mainik, Philipp"]
[Black "Ucaroglu Melih, Furkan"]
[Result "1-0"]
[WhiteElo "1539"]
[BlackElo "1383"]
[PlyCount "89"]
[EventDate "2009.05.10"]
[EventType "swiss (blitz)"]
[EventRounds "7"]
[EventCountry "GER"]
[SourceTitle "CBM 130 Extra"]
[Source "ChessBase"]
[SourceDate "2009.07.02"]
[SourceVersion "2"]
[SourceVersionDate "2009.07.15"]
[SourceQuality "1"]

1. e4 e5 2. Nf3 Nc6 3. Bb5 d6 4. Bxc6+ bxc6 5. d4 Bg4 6. dxe5 Bxf3 7. Qxf3 dxe5 8. Qc3 Qd6 9. 0-0 Nf6 10. Re1 Be7 11. Bg5 0-0 12. Bxf6 Bxf6 13. Nd2 Rad8 14. Nc4 Qe6 15. Rad1 h6 16. f3 c5 17. Ne3 Qb6 18. Nd5 Qc6 19. Nxf6+ gxf6 20. Rd3 Rxd3 21. Qxd3 Qd6 22. Rd1 Rd8 23. Kf2 Qxd3 24. Rxd3 Rd4 25. Ke3 Kf8 26. c3 Rd6 27. Rd5 Rxd5 28. exd5 Ke7 29. c4 f5 30. a3 Kf6 31. b4 cxb4 32. axb4 Ke7 33. c5 Kd7 34. g4 fxg4 35. fxg4 c6 36. Ke4 cxd5+ 37. Kxe5 Kc6 38. h4 f6+ 39. Kd4 a6 40. h5 Kb5 41. Kxd5 Kxb4 42. c6 a5 43. c7 a4 44. c8Q a3 45. Qc2 1-0

[Event "GER-ch Net qual1 U14"]
[Site "Playchess.com INT"]
[Date "2009.05.10"]
[Round "1"]
[White "Schroeder, Jan Christian"]
[Black "Ucaroglu Melih, Furkan"]
[Result "1-0"]
[WhiteElo "1811"]
[BlackElo "1383"]
[PlyCount "55"]
[EventDate "2009.05.10"]
[EventType "swiss (blitz)"]
[EventRounds "7"]
[EventCountry "GER"]
[SourceTitle "CBM 130 Extra"]
[Source "ChessBase"]
[SourceDate "2009.07.02"]
[SourceVersion "2"]
[SourceVersionDate "2009.07.15"]
[SourceQuality "1"]

1. e4 e5 2. Nf3 Nc6 3. Bb5 d6 4. 0-0 Nf6 5. Re1 Be7 6. c3 Be6 7. d4 exd4 8. cxd4 d5 9. e5 Ne4 10. Nc3 Nxc3 11. bxc3 0-0 12. Bf4 a6 13. Ba4 b5 14. Bc2 Bg4 15. h3 Bh5 16. a4 Bg6 17. Bxg6 fxg6 18. Bg3 b4 19. cxb4 Bxb4 20. Qc2 Bxe1 21. Rxe1 Ne7 22. Ng5 Qd7 23. e6 Qc8 24. Qc5 Nf5 25. e7 Nxe7 26. Rxe7 Qd8 27. Ne6 Qd6 28. Bxd6 1-0

[Event "GER-ch Net qual1 U14"]
[Site "Playchess.com INT"]
[Date "2009.05.10"]
[Round "2"]
[White "Ucaroglu Melih, Furkan"]
[Black "Wastian, Jan"]
[Result "1/2-1/2"]
[WhiteElo "1383"]
[BlackElo "1529"]
[PlyCount "106"]
[EventDate "2009.05.10"]
[EventType "swiss (blitz)"]
[EventRounds "7"]
[EventCountry "GER"]
[SourceTitle "CBM 130 Extra"]
[Source "ChessBase"]
[SourceDate "2009.07.02"]
[SourceVersion "2"]
[SourceVersionDate "2009.07.15"]
[SourceQuality "1"]

1. c4 c6 2. g3 d5 3. cxd5 cxd5 4. Bg2 Nf6 5. d3 e6 6. e3 Nc6 7. Nf3 Bd6 8. Nc3 a6 9. Bd2 0-0 10. 0-0 Re8 11. d4 b5 12. a3 Na5 13. b3 Bb7 14. Re1 Rc8 15. Ne5 Qc7 16. f4 b4 17. axb4 Bxb4 18. Rc1 Qb6 19. Na4 Qd6 20. Bxb4 Qxb4 21. Nc5 Qb6 22. Rb1 Bc6 23. Kh1 Bb5 24. Kg1 Nc6 25. Qd2 Ra8 26. Ra1 Rec8 27. Nxc6 Bxc6 28. Qa5 Qxa5 29. Rxa5 Bb5 30. Raa1 h6 31. Rec1 Nd7 32. Nxd7 Rxc1+ 33. Rxc1 Bxd7 34. Ra1 Bb5 35. Bf1 Rb8 36. Bxb5 axb5 37. Ra5 Kf8 38. Kf2 Ke7 39. Ke2 Rb7 40. Kd2 Kd6 41. Kc3 b4+ 42. Kd3 f6 43. Ra6+ Kd7 44. Ra2 e5 45. dxe5 fxe5 46. fxe5 Ke6 47. Kd4 Rb6 48. Rc2 g5 49. h3 h5 50. g4 hxg4 51. hxg4 Ra6 52. Rf2 Ra3 53. Rb2 Ra1 1/2-1/2

[Event "NRW-ch U12"]
[Site "Kranenburg"]
[Date "2009.04.14"]
[Round "2"]
[White "Ruehl, Andreas"]
[Black "Ucaroglu Melih, Furkan"]
[Result "1-0"]
[WhiteElo "1398"]
[BlackElo "1164"]
[PlyCount "97"]
[EventDate "2009.04.13"]
[EventType "swiss"]
[EventRounds "7"]
[EventCountry "GER"]
[SourceTitle "EXT 2010"]
[Source "ChessBase"]
[SourceDate "2010.11.25"]
[SourceVersion "1"]
[SourceVersionDate "2010.11.25"]
[SourceQuality "1"]

1. e4 c5 2. c3 a6 3. d4 e6 4. Nf3 Nc6 5. Bd3 b5 6. 0-0 c4 7. Bc2 Nf6 8. Re1 Be7 9. d5 Na7 10. Bf4 d6 11. dxe6 fxe6 12. a4 e5 13. Bg3 0-0 14. h3 Bb7 15. Nbd2 Nc6 16. b3 cxb3 17. Bxb3+ Kh8 18. Ng5 Qe8 19. Ne6 Qg6 20. Nxf8 Rxf8 21. axb5 axb5 22. Bc2 Nh5 23. Nf1 Qf7 24. Qe2 b4 25. Rab1 Nxg3 26. fxg3 h6 27. Ne3 Bg5 28. Rf1 Qe7 29. Rxf8+ Qxf8 30. cxb4 Nd4 31. Qd3 Bxe3+ 32. Qxe3 Nxc2 33. Qb6 Bxe4 34. Rf1 Qe7 35. Qa5 Nd4 36. Re1 Bd3 37. Qd5 Qe6 38. Qxd4 exd4 39. Rxe6 d5 40. Kf2 Bc4 41. Ke1 Kg8 42. Re7 Kh7 43. Rc7 Bd3 44. Rc5 Be4 45. b5 d3 46. b6 d4 47. Rc7 Bxg2 48. b7 Bxb7 49. Rxb7 1-0